Movies Quiz

Random Movies or Clickable Quiz
Score 0/25 Timer 08:00
1 Play Today
% Correct
Batman Begins
99%
Raiders of the Lost Ark
98%
Star Wars
97.7%
Donnie Darko
93%
The Love Bug
87.9%
Escape from New York
87.9%
Saturday Night Fever
82.7%
Yojimbo
77.6%
Mad Max
77.2%
The Fugitive
77.1%
El Mariachi
73%
Get Shorty
71.8%
Dirty Harry
70.2%
% Correct
Romancing the Stone
67.2%
Pitch Black
65%
The Hustler
63.9%
House of 1000 Corpses
62.7%
The Maltese Falcon
56.9%
In the Heat of the Night
52.1%
Chinatown
47.8%
Rocky Horror Picture Show
44.2%
A Christmas Story
36.4%
The Last Picture Show
34.1%
The Pink Panther
32.2%
Terms of Endearment
27.2%
Remove Ads.
Support Sporcle.
Get the best of Sporcle when you Go Orange. This ad-free experience offers more features, more stats, and more fun while also helping to support Sporcle. Thank you for becoming a member.

You're not logged in!

Compare scores with friends on all Sporcle quizzes.
OR
Log In

Show Comments

Extras

Top Quizzes Today


Score Distribution

Your Account Isn't Verified!

In order to create a playlist on Sporcle, you need to verify the email address you used during registration. Go to your Sporcle Settings to finish the process.

Report this User

Report this user for behavior that violates our Community Guidelines.

Details: